| Tag |
First Indicator |
Second Indicator |
Subfields |
| LEADER |
00000cam a2200000 4500 |
| 001 |
in00000023032 |
| 005 |
20151007064238.0 |
| 008 |
720504s1962 nyuf b 00010 eng |
| 010 |
|
|
|a 62008218
|
| 035 |
|
|
|a (OCoLC)00222787
|
| 035 |
|
|
|9 AAD9402AM
|
| 040 |
|
|
|a DLC
|c DLC
|d TXA
|d UtOrBLW
|
| 041 |
1 |
|
|a eng
|a fre
|
| 049 |
|
|
|a TXAM
|c [349954]
|
| 050 |
0 |
0 |
|a PQ1528
|b .A46
|
| 092 |
|
|
|a 841
|b R758
|
| 100 |
0 |
|
|a Guillaume,
|c de Lorris,
|d active 1230.
|
| 240 |
1 |
0 |
|a Roman de la Rose. English
|
| 245 |
1 |
4 |
|a The Romance of the Rose /
|c by Guillaume de Lorris and Jean Meun. Translated into English verse by Harry W. Robbins. Edited and with an introd., by Charles W. Dunn.
|
| 250 |
|
|
|a [1st ed.].
|
| 264 |
|
1 |
|a New York :
|b Dutton,
|c 1962.
|
| 300 |
|
|
|a xxxiii, 472 pages :
|b plates. ;
|c 20 cm.
|
| 336 |
|
|
|a text
|b txt
|2 rdacontent
|
| 337 |
|
|
|a unmediated
|b n
|2 rdamedia
|
| 338 |
|
|
|a volume
|b nc
|2 rdacarrier
|
| 504 |
|
|
|a Bibliography: pages xxxi-xxxiii.
|
| 536 |
|
|
|a From the Library of Harrison T. Meserole 2002.
|
| 700 |
0 |
|
|a Guillaume,
|c de Lorris,
|d active 1230.
|
| 700 |
0 |
|
|a Jean,
|c de Meun,
|d approximately 1240-approximately 1305?
|
| 700 |
1 |
|
|a Robbins, Harry Wolcott,
|d 1883-1954.
|
| 999 |
|
|
|a MARS
|
| 999 |
f |
f |
|s f067f6cb-19db-3337-b841-044d3f1def77
|i 56858e1d-e9c9-3e24-8a6d-5401c6eb1502
|t 0
|
| 952 |
f |
f |
|p normal
|a Texas A&M University
|b College Station
|c Sterling C. Evans Library
|d Evans: Library Stacks
|t 0
|e PQ1528 .A46
|h Library of Congress classification
|i unmediated -- volume
|m A14829457360
|
| 998 |
f |
f |
|a PQ1528 .A46
|t 0
|l Evans: Library Stacks
|